000
00345nam a2200145Ia 4500
008
230312s9999||||xx |||||||||||||| ||und||
020
_a
9789699739552
082
_a
891.4
_b
HUM-Q
100
_a
ہما انور
245
0
_a
کامی کازی ڈائری
260
_b
Jamhori
_a
pak
_c
2013
300
_a
284
650
_a
Literature
942
_c
BK
999
_c
14958
_d
14958